| 000 | 01469cam a2200325 i 4500 | ||
|---|---|---|---|
| 999 |
_c77258 _d314535 |
||
| 001 | 19671237 | ||
| 003 | OSt | ||
| 005 | 20190822085624.0 | ||
| 008 | 170531s2016 stka 001 0 eng | ||
| 010 | _a 2016499836 | ||
| 020 | _a9780702062315 | ||
| 020 | _a0702062316 | ||
| 040 |
_aDLC _beng _erda _cDLC _dDLC |
||
| 042 | _apcc | ||
| 050 | 0 | 0 |
_aRS57 _b.G38 2016 |
| 082 | 0 | 0 |
_a615.1401513 _223 _bGJN |
| 100 | 1 |
_aGatford, J. D., _eauthor. _974822 |
|
| 245 | 1 | 0 |
_aNursing calculations / _cJ.D. Gatford, Mathematics Tutor, Melbourne, Australia, N.M. Phillips, DipAppSc(Nsg), BN GDipAdvNsg (Educ), MNS, PhD, Associate Professor, Director of Undergraduate Studies, School of Nursing and Midwifery, Deakin University, Victoria, Australia. |
| 250 | _aNinth edition. | ||
| 260 |
_aEdinburgh ; _aNew York : _bElsevier, _c[2016] |
||
| 300 |
_ax, 174 pages : _billustrations ; _c19 cm + _edosage formulas card (in back cover pocket) |
||
| 500 | _aIncludes index. | ||
| 505 | 0 | _aA review of relevant calculations -- Dosages of oral medications -- Dosages of medications for injection -- Intravenous infusion -- Paediatric dosages -- Revision of nursing calculations -- Answers. | |
| 650 | 0 |
_aPharmaceutical arithmetic. _974823 |
|
| 650 | 0 |
_aNursing _xMathematics. _974824 |
|
| 700 | 1 |
_aPhillips, N. _q(Nicole), _eauthor. _974825 |
|
| 906 |
_a7 _bcbc _corigcop _d2 _encip _f20 _gy-gencatlg |
||
| 942 |
_2ddc _cBOOK |
||